000 00591nam a2200241Ia 4500
003 OSt
005 20221005085029.0
006 a|||||r|||| 00| 0
007 ta
008 221004b |||||||| |||| 00| 0 eng d
024 _a51954
037 _cTextual
040 _aCRL
_cCRL
_beng
041 _2eng
_aeng
082 _aR3xD20, K2
100 _aArmstrong A. H.
245 0 _aPlotinus
260 _aNew York
_bCollier Books
_c1962
300 _a158p
_ccm.
650 _aPHILOSOPHY
942 _hR3xD20, K2
_cTEXL
_2cc
999 _c993508
_d993508